000 00879nmm a2200277 a 4500
001 ocm000640591
003 TR-IsHL
005 20201028130002.0
008 130927s2005 tu tur
007 cr cn
020 _a9789756231920
035 _a640591
_b(N$T)
050 0 4 _aPL248.K55
_bD4 2005
090 0 4 _aPL248.K55
_bD4 2005
245 1 0 _aDede Korkut hikayeleri
_h[electronic resource] /
_cyay.haz. Ahmet Ramazan
250 _a1. bs.
260 _aİstanbul :
_bParıltı yayıncılık,
_c2005
300 _a136 p.
650 4 _aDil ve Edebiyat
650 4 _aLanguage and Literature
650 0 _aHalk edebiyatı, Türk
650 0 _aFolk literature, Turkish
650 7 _aSOCIAL SCIENCE / Folklore & Mythology
_2bisacsh
700 1 _aRamazan, Ahmet
856 4 0 _uhttp://search.ebscohost.com/login.aspx?direct=true&scope=site&db=e011xww&AN=640591
999 _c3778
_d3778